<?xml version="1.0" encoding="UTF-8"?>
<collection xmlns="http://www.loc.gov/MARC21/slim">
 <record>
  <leader>04124cam a2200361 a 4500</leader>
  <controlfield tag="001">1/35387</controlfield>
  <controlfield tag="008">080915s2007    us            001 0 eng  </controlfield>
  <datafield tag="020" ind1=" " ind2=" ">
   <subfield code="a">9780120884216</subfield>
  </datafield>
  <datafield tag="020" ind1=" " ind2=" ">
   <subfield code="a">0120884216</subfield>
  </datafield>
  <datafield tag="020" ind1=" " ind2=" ">
   <subfield code="a">9780080525235 (electronic bk.)</subfield>
  </datafield>
  <datafield tag="020" ind1=" " ind2=" ">
   <subfield code="a">0080525237 (electronic bk.)</subfield>
  </datafield>
  <datafield tag="035" ind1=" " ind2=" ">
   <subfield code="l">37901</subfield>
  </datafield>
  <datafield tag="040" ind1=" " ind2=" ">
   <subfield code="a">OPELS</subfield>
   <subfield code="b">eng</subfield>
   <subfield code="c">OPELS</subfield>
   <subfield code="d">BAKER</subfield>
   <subfield code="d">OCLCQ</subfield>
   <subfield code="d">COO</subfield>
   <subfield code="d">OCLCO</subfield>
   <subfield code="d">N$T</subfield>
   <subfield code="d">YDXCP</subfield>
   <subfield code="d">MERUC</subfield>
   <subfield code="d">UBY</subfield>
   <subfield code="d">ZCU</subfield>
   <subfield code="d">E7B</subfield>
   <subfield code="d">IDEBK</subfield>
   <subfield code="d">DKDLA</subfield>
   <subfield code="d">OCLCQ</subfield>
   <subfield code="d">UMI</subfield>
   <subfield code="d">OCLCO</subfield>
   <subfield code="d">DEBSZ</subfield>
   <subfield code="d">OCLCQ</subfield>
   <subfield code="d">GR-PeUP</subfield>
  </datafield>
  <datafield tag="100" ind1="1" ind2=" ">
   <subfield code="a">Sweetman, Dominic.</subfield>
  </datafield>
  <datafield tag="245" ind1="1" ind2="0">
   <subfield code="a">See MIPS run</subfield>
   <subfield code="h">[electronic resource] /</subfield>
   <subfield code="c">Dominic Sweetman.</subfield>
  </datafield>
  <datafield tag="246" ind1="1" ind2="4">
   <subfield code="a">See MIPS run Linux</subfield>
  </datafield>
  <datafield tag="250" ind1=" " ind2=" ">
   <subfield code="a">2nd ed.</subfield>
  </datafield>
  <datafield tag="260" ind1=" " ind2=" ">
   <subfield code="a">San Francisco, Calif. :</subfield>
   <subfield code="b">Morgan Kaufmann Publishers/Elsevier,</subfield>
   <subfield code="c">c2007.</subfield>
  </datafield>
  <datafield tag="300" ind1=" " ind2=" ">
   <subfield code="a">1 online resource (xix, 492 p.) :</subfield>
   <subfield code="b">ill.</subfield>
  </datafield>
  <datafield tag="520" ind1=" " ind2=" ">
   <subfield code="a">This second edition is not only a thorough update of the first edition, it is also a marriage of the best-known RISC architecture--MIPS--with the best-known open-source OS--Linux. The first part of the book begins with MIPS design principles and then describes the MIPS instruction set and programmers resources. It uses the MIPS32 standard as a baseline (the 1st edition used the R3000) from which to compare all other versions of the architecture and assumes that MIPS64 is the main option. The second part is a significant change from the first edition. It provides concrete examples of operating system low level code, by using Linux as the example operating system. It describes how Linux is built on the foundations the MIPS hardware provides and summarizes the Linux application environment, describing the libraries, kernel device-drivers and CPU-specific code. It then digs deep into application code and library support, protection and memory management, interrupts in the Linux kernel and multiprocessor Linux. Sweetman has revised his best-selling MIPS bible for MIPS programmers, embedded systems designers, developers and programmers, who need an in-depth understanding of the MIPS architecture and specific guidance for writing software for MIPS-based systems, which are increasingly Linux-based. * Completely new material offers the best explanation available on how Linux runs on real hardware. * Provides a complete, updated and easy-to-use guide to the MIPS instruction set using the MIPS32 standard as the baseline architecture with the MIPS64 as the main option. * Retains the same engaging writing style that made the first edition so readable, reflecting the authors 20+ years experience in designing systems based on the MIPS architecture.</subfield>
  </datafield>
  <datafield tag="505" ind1="0" ind2=" ">
   <subfield code="a">Chapter 1: RISCs and MIPS -- Chapter 2: MIPS Architecture -- Chapter 3: Coprocessor 0: MIPS Processor Control -- Chapter 4: How Caches work on MIPS -- Chapter 5: Exceptions, Interrupts, and Initialization -- Chapter 6: Low-level Memory Management and the TLB -- Chapter 7: Floating-Point Support -- Chapter 8: Complete Guide to the MIPS Instruction Set -- Chapter 9: Reading MIPS Assembler Language -- Chapter 10: Porting Software to MIPS -- Chapter 11: MIPS Software Standards (ABIs) -- Chapter 12: Debugging MIPS -- debug and profiling features -- Chapter 13: GNU/Linux from Eight Miles High -- Chapter 14: How hardware and software work together -- Chapter 15: MIPS-specific issues in the Linux kernel -- Chapter 16: Linux Application Code, PIC and Libraries -- Appendix A: MIPS Multithreading -- Appendix B: Other Optional extensions to the MIPS instruction set -- MIPS Glossary.</subfield>
  </datafield>
  <datafield tag="504" ind1=" " ind2=" ">
   <subfield code="a">Includes bibliographical references (p. 477-479) and index.</subfield>
  </datafield>
  <datafield tag="650" ind1=" " ind2="4">
   <subfield code="a">MIPS (Computer architecture)</subfield>
  </datafield>
  <datafield tag="650" ind1=" " ind2="4">
   <subfield code="a">RISC microprocessors.</subfield>
  </datafield>
  <datafield tag="650" ind1=" " ind2="4">
   <subfield code="a">Embedded computer systems</subfield>
   <subfield code="x">Programming.</subfield>
  </datafield>
  <datafield tag="630" ind1="0" ind2="4">
   <subfield code="a">Linux.</subfield>
  </datafield>
  <datafield tag="655" ind1=" " ind2="4">
   <subfield code="a">Electronic books.</subfield>
  </datafield>
  <datafield tag="852" ind1=" " ind2=" ">
   <subfield code="a">INST</subfield>
   <subfield code="b">UNIPILB</subfield>
   <subfield code="c">MAIN</subfield>
   <subfield code="e">20080915</subfield>
   <subfield code="h">004.165 SWE</subfield>
   <subfield code="p">00156310</subfield>
   <subfield code="q">00156310</subfield>
   <subfield code="t">LOAN</subfield>
   <subfield code="y">0</subfield>
   <subfield code="4">1</subfield>
  </datafield>
  <datafield tag="856" ind1="4" ind2="0">
   <subfield code="3">ScienceDirect</subfield>
   <subfield code="u">http://www.sciencedirect.com/science/book/9780120884216</subfield>
  </datafield>
  <datafield tag="856" ind1="4" ind2=" ">
   <subfield code="d">/webopac/covers/02/37901_9780120884216.jpg</subfield>
  </datafield>
  <datafield tag="856" ind1="4" ind2=" ">
   <subfield code="d">/webopac/covers/02/37901_0120884216.jpg</subfield>
  </datafield>
  <datafield tag="856" ind1="4" ind2=" ">
   <subfield code="d">/webopac/covers/02/37901_9780080525235.jpg</subfield>
   <subfield code="z">(electronic bk.)</subfield>
  </datafield>
  <datafield tag="856" ind1="4" ind2=" ">
   <subfield code="d">/webopac/covers/02/37901_0080525237.jpg</subfield>
   <subfield code="z">(electronic bk.)</subfield>
  </datafield>
 </record>
</collection>
